Crónicas de la resiliencia : (Registro nro. 20354)
[ vista simple ]
| 000 -CABECERA | |
|---|---|
| Campo de control | 01687nam a22003257a 4500 |
| 005 - FECHA Y HORA DE LA ULTIMA TRANSACCION | |
| Campo de control | 20181115164841.0 |
| 008 - ELEMENTOS DE LONGITUD FIJA—INFORMACION GENERAL | |
| Campo de control | 181115b2018 ck a||||r|||| 00| 0 spa d |
| 020 ## - ISBN | |
| ISBN | 9789585418455 |
| 040 ## - FUENTE DE CATALOGACIÓN | |
| Agencia catalogadora original | CO-BoIAVH |
| Agencia transcriptora | CO-BoIAVH |
| 041 0# - IDIOMA | |
| Código de idioma para texto/pista de sonido o título separado | Español |
| 044 ## - PAÍS DE PUBLICACIÓN | |
| País de publicación | Colombia |
| 082 04 - NUMERO DE CLASIFICACION DECIMAL DEWEY | |
| Número de clasificación | 809.3 |
| Número del ítem | B27c |
| 100 1# - ASIENTO PRINCIPAL--NOMBRE PERSONAL | |
| 9 (RLIN) | 101400 |
| Nombre personal | Barragán, Andrés |
| Término relacionado | guiones |
| 245 10 - MENCION DE TITULO | |
| Título | Crónicas de la resiliencia : |
| Parte restante del título | El origen / |
| Mención de responsabilidad | Andrés Barragán [y otros 4] ; ilustraciones Guillermo Torres Carreño |
| 250 ## - MENCION DE EDICION | |
| Mención de edición | Primera edición |
| 260 ## - PUBLICACION, DISTRIBUCION, ETC. (PIE DE IMPRENTA) | |
| Lugar de publicación, distribución, etc. | Bogotá (Colombia) : |
| Nombre del editor, distribuidor, etc. | Instituto de Investigación de Recursos Biológicos Alexander von Humboldt, |
| Fecha de publicación, distribución, etc. | 2018. |
| 300 ## - DESCRIPCION FISICA | |
| Extensión | 120 páginas : |
| Otros detalles físicos | ilustraciones a color ; |
| Dimensiones | 28 x 22 cm. |
| 520 #3 - NOTA DE RESUMEN, ETC. | |
| Nota de resumen | En el año 2100, el planeta es un lugar inhóspito para los humanos y las otras especies que aún existen. Escondido en el Caribe colombiano sobrevive Aguamarina, un enclave construido por los últimos remanentes de las civilizaciones de la Tierra. Allí, científicos brillantes, liberados por Ceiba Stelis y Otus Marko, han desarrollado tecnologías que les han permitido sobrellevar temporalmente los retos de su nueva realidad climática. |
| 650 26 - ASIENTO SECUNDARIO DE MATERIA - TERMINO TEMATICO | |
| 9 (RLIN) | 723 |
| Término temático o nombre geográfico como elemento de entrada | Ecología |
| Subdivisión geográfica | Colombia |
| 650 26 - ASIENTO SECUNDARIO DE MATERIA - TERMINO TEMATICO | |
| 9 (RLIN) | 62891 |
| Término temático o nombre geográfico como elemento de entrada | Resiliencia |
| 650 26 - ASIENTO SECUNDARIO DE MATERIA - TERMINO TEMATICO | |
| 9 (RLIN) | 101401 |
| Término temático o nombre geográfico como elemento de entrada | Ciencia ficción |
| 650 26 - ASIENTO SECUNDARIO DE MATERIA - TERMINO TEMATICO | |
| 9 (RLIN) | 82054 |
| Término temático o nombre geográfico como elemento de entrada | Literatura de ficción |
| 650 26 - ASIENTO SECUNDARIO DE MATERIA - TERMINO TEMATICO | |
| 9 (RLIN) | 101402 |
| Término temático o nombre geográfico como elemento de entrada | Cómic |
| 700 1# - ASIENTO SECUNDARIO - NOMBRE PERSONAL | |
| 9 (RLIN) | 101403 |
| Nombre personal | Ramírez, Juliana |
| Término de relación | guiones |
| 700 1# - ASIENTO SECUNDARIO - NOMBRE PERSONAL | |
| 9 (RLIN) | 101404 |
| Nombre personal | Mikán, Juan |
| Término de relación | guiones |
| 700 1# - ASIENTO SECUNDARIO - NOMBRE PERSONAL | |
| 9 (RLIN) | 24190 |
| Nombre personal | Torres-Carreño, Guillermo Andrés |
| Término de relación | guiones |
| -- | ilustrador |
| 700 1# - ASIENTO SECUNDARIO - NOMBRE PERSONAL | |
| 9 (RLIN) | 70281 |
| Nombre personal | Marín C., Martha |
| Término de relación | guiones |
| 710 2# - ASIENTO SECUNDARIO - NOMBRE CORPORATIVO | |
| 9 (RLIN) | 204 |
| Nombre corporativo o de jurisdicción como elemento de entrada | Instituto de Investigación de Recursos Biológicos Alexander von Humboldt |
| 942 ## - ELEMENTOS ADICIONALES (KOHA) | |
| Sistema de clasificación | Dewey Decimal Classification |
| Tipo de ítem | Libro |
| Withdrawn status | Lost status | Sistema de Clasificación | Damaged status | No para préstamo | Colección | Inventariado | Ubicación Permanente | Ubicación actual | Fecha de adquisición | Total Checkouts | Número topográfico | Inventario / Código de Barras | Date last seen | Date checked out | Ejemplar | Price effective from | Forma de adquisición | Tipo de material | Total Renewals |
|---|---|---|---|---|---|---|---|---|---|---|---|---|---|---|---|---|---|---|---|
| Dewey Decimal Classification | Humboldt | Inventariado 2018 | Bogotá | Bogotá | 15/11/2018 | 2 | IAVH-809.3 B27c | 030221 | 09/11/2023 | 07/11/2023 | Ej. 1 | 15/11/2018 | Institucional | Libro | |||||
| Dewey Decimal Classification | Humboldt | Inventariado 2018 | Bogotá | Bogotá | 15/11/2018 | 1 | IAVH-809.3 B27c | 030220 | 18/03/2019 | 10/12/2018 | Ej. 2 | 15/11/2018 | Institucional | Libro | 2 | ||||
| Dewey Decimal Classification | Humboldt | Inventariado 2018 | Sala Fabio Quevedo | Sala Fabio Quevedo | 15/11/2018 | IAVH-809.3 B27c | 030219 | 15/11/2018 | Ej. 3 | 15/11/2018 | Institucional | Libro | |||||||
| Dewey Decimal Classification | Humboldt | Inventariado 2018 | Villa de Leyva | Villa de Leyva | 15/11/2018 | IAVH-809.3 B27c | 030218 | 15/11/2018 | Ej. 4 | 15/11/2018 | Institucional | Libro |